Compagnie des Alpes (CDA): All rollercoasters - Statistiques

Statistiques générales
  • Ce quiz a été pris 20 fois
    19 depuis la dernière actualisation
  • Le résultat moyen est 24 sur 51
Statistiques - réponses
Hint Réponse % Correct
Parc Astérix OzIris
93%
Parc Astérix Toutatis
93%
Parc Astérix Goudurix
86%
Parc Astérix Tonnerre 2 Zeus
79%
Walibi Belgium Cobra
71%
Walibi Belgium Kondaa
71%
Walibi Rhône-Alpes Mahuka
71%
Walibi Belgium Mecalodon
71%
Walibi Rhône-Alpes Mystic
71%
Walibi Rhône-Alpes Timber
71%
Parc Astérix Trace Du Hourra
71%
Walibi Belgium Turbine
71%
Walibi Belgium Fun Pilot
64%
Walibi Holland Goliath
64%
Walibi Belgium Loup-Garou
64%
Futuroscope Objectif Mars
64%
Parc Astérix Pégase Express
64%
Walibi Belgium Tiki-Waka
64%
Walibi Holland Untamed
64%
Walibi Belgium Vampire
64%
Bellewaerde Park Wakala
64%
Walibi Holland YoY
64%
Parc Astérix Cétautomatix
57%
Parc Astérix Vol D'Icare
57%
Bellewaerde Park Boomerang
50%
Bellewaerde Park Huracan
50%
Walibi Holland Lost Gravity
50%
Walibi Belgium Pulsar
50%
Walibi Belgium Calamity Mine
43%
Bellewaerde Park Dawson Duel
43%
Parc Astérix SOS Tournevis
43%
Walibi Holland Speed Of Sound
43%
Walibi Holland Xpress: Platform 13
43%
Walibi Holland Condor
36%
Walibi Rhône-Alpes Coccinelle
29%
Walibi Holland Eat My Dust
29%
Walibi Rhône-Alpes Generator
29%
Jardin d'Acclimatation Speed Rockets
29%
Bellewaerde Park Brazilian Buggies
21%
Walibi Holland Drako
21%
Walibi Rhône-Alpes Woodstock Express
21%
Les Menuires Mine
14%
Familypark Adlerflug
7%
Futuroscope Balancier
7%
Jardin d'Acclimatation Fils Du Dragon
7%
Familypark Götterblitz
7%
Familypark Herkules
7%
Jardin d'Acclimatation Machine à Vapeur
7%
France Miniature Pile Ou Face
7%
Familypark Rattenmühle
7%
Jardin d'Acclimatation Souris Mécaniques
7%
Aucun quiz correspondant
Distribution des résultats
% des personnes avec chaque résultat
Percentile par nombre de réponses
Votre historique - résultats
Vous n’avez pas pris ce quiz depuis la dernière actualisation